00895nam a2200253Ia 4500003000400000005001700004008004100021020001800062040001800080041000800098082002000106100002400126245005200150250001200202260003800214300002900252650004600281650003600327650003900363650002800402942002900430999001900459952016300478OSt20241014094534.0210716s2009 xx 000 0 und d a9788174467355 cAIMIT LIBRARY aeng a382.9 21bSINR aSingh, Ram.9182168 aInternational trade operations /cBy Ram Singh. a1st ed. aNew Delhi :bExcel Books ,c2009. axii,504p. ;bPBc25.1 cm aInternational trade documentation9182169 aUnderstanding incoterms9182170 aExport promotions measures9182171 aRole of freight9182172 2ddccBKe1stk382.9 SINR c204750d204750 00102ddc40708MBAaAIMITbAIMITd2010-02-02g325.00iBill no:ABK 438; Bill dt:2009-11l0o382.9 SINRpMBA07316r2026-05-23 00:00:00v243.75w2021-07-16yBK